Engineering economy / (Record no. 6474)

MARC details
000 -LEADER
fixed length control field 00958nac a22002531u 4500
010 ## - LIBRARY OF CONGRESS CONTROL NUMBER
LC control number 83015979
020 ## - INTERNATIONAL STANDARD BOOK NUMBER
International Standard Book Number 0132777231
082 00 - DEWEY DECIMAL CLASSIFICATION NUMBER
Classification number 658.15
Item number THU
090 ## - LOCALLY ASSIGNED LC-TYPE CALL NUMBER (OCLC); LOCAL CALL NUMBER (OCLC)
-- 6474
-- 6474
100 ## - MAIN ENTRY--PERSONAL NAME
Personal name Thuesen, G. J.,
245 10 - TITLE STATEMENT
Title Engineering economy /
Statement of responsibility, etc G.J. Thuesen, W.J. Fabrycky.
250 ## - EDITION STATEMENT
Edition statement 6th ed. /
Remainder of edition statement G.J. Thuesen, W.J. Fabrycky.
260 ## - PUBLICATION, DISTRIBUTION, ETC. (IMPRINT)
Place of publication, distribution, etc Englewood Cliffs, N.J. :
Name of publisher, distributor, etc Prentice-Hall,c1984.
Date of publication, distribution, etc c1984.
300 ## - PHYSICAL DESCRIPTION
Extent xvi, 633 p. :
Other physical details ill. ;
Dimensions 24 cm.
440 #0 -
-- Prentice-Hall international series in industrial and systems engineering
500 ## - GENERAL NOTE
General note Rev. ed. of: Engineering economy. 5th ed. /H.G. Thuesen, W.J. Fabrycky, G.J. Thuesen. c1977.
500 ## - GENERAL NOTE
General note Includes index.
500 ## - GENERAL NOTE
General note Distributer: Al-Ahram.
504 ## - BIBLIOGRAPHY, ETC. NOTE
Bibliography, etc Bibliography: p. [617]-619.
511 ## - PARTICIPANT OR PERFORMER NOTE
Participant or performer note Catalogued By: Mahitab.
650 #0 - SUBJECT ADDED ENTRY--TOPICAL TERM
Topical term or geographic name as entry element Engineering economy.
700 1# - ADDED ENTRY--PERSONAL NAME
Personal name Thuesen, H. G.
Fuller form of name (Holger George),
Dates associated with a name 1898-
942 ## - ADDED ENTRY ELEMENTS (KOHA)
Item type Book - Borrowing
Call number prefix 658.15THU
Holdings
Withdrawn status Item status Damaged status Not for loan Home library Current library Shelving location Date acquired Source of acquisition Total Checkouts Total Renewals Full call number Barcode Date last seen Date last borrowed Koha item type
        Central Library Central Library First floor 25/11/2007 Purchase 2 3 658.15THU 000007985 15/07/2025 29/12/2016 Book - Borrowing